|
|
|
|
| LEADER |
00000nam2a2200000 4500 |
| 001 |
353276 |
| 005 |
20231102010558.0 |
| 035 |
|
|
|a (RuTPU)RU\TPU\retro\10421
|
| 035 |
|
|
|a RU\TPU\retro\10400
|
| 090 |
|
|
|a 353276
|
| 100 |
|
|
|a 20200323d1967 k y0rusy50 ca
|
| 101 |
0 |
|
|a rus
|
| 102 |
|
|
|a RU
|
| 200 |
0 |
|
|a № 272: Электролиз в металлургии цветных металлов
|e [сборник]
|f под ред. В. С. Смирнова
|
| 210 |
|
|
|a Москва
|c Металлургия
|d 1967
|
| 215 |
|
|
|a 168 стр.
|
| 461 |
|
1 |
|0 (RuTPU)RU\TPU\retro\9721
|t Труды Ленинградского политехнического института имени М. И. Калинина
|o [сборник]
|f Ленинградский политехнический институт им. М. И. Калинина (ЛПИ)
|v № 272: Электролиз в металлургии цветных металлов
|d 1941-
|
| 606 |
1 |
|
|a Цветная металлургия
|2 stltpush
|3 (RuTPU)RU\TPU\subj\17753
|9 43323
|
| 610 |
1 |
|
|a электролиз
|
| 610 |
1 |
|
|a механические свойства
|
| 610 |
1 |
|
|a расплавленные соли
|
| 610 |
1 |
|
|a тугоплавкие металлы
|
| 610 |
1 |
|
|a катодные процессы
|
| 610 |
1 |
|
|a электролитическое осаждение
|
| 610 |
1 |
|
|a графитовый анод
|
| 610 |
1 |
|
|a окисляемость
|
| 610 |
1 |
|
|a криолитоглиноземные расплавы
|
| 610 |
1 |
|
|a водные растворы
|
| 610 |
1 |
|
|a титано-графитовые аноды
|
| 610 |
1 |
|
|a ионообменные смолы
|
| 610 |
1 |
|
|a соединения
|
| 610 |
1 |
|
|a питтинги
|
| 610 |
1 |
|
|a поляризационные кривые
|
| 610 |
1 |
|
|a получение хрома
|
| 610 |
1 |
|
|a получение марганца
|
| 610 |
1 |
|
|a германий
|
| 610 |
1 |
|
|a алюминий
|
| 610 |
1 |
|
|a рений
|
| 610 |
1 |
|
|a тантал
|
| 702 |
|
1 |
|a Смирнов
|b В. С.
|4 340
|
| 801 |
|
1 |
|a RU
|b 63413507
|c 20160623
|
| 801 |
|
2 |
|a RU
|b 63413507
|c 20200208
|g RCR
|
| 801 |
|
2 |
|a RU
|b 63413507
|c 20200327
|g RCR
|
| 942 |
|
|
|c BK
|